000 00269nam a2200121 a 4500
001 000002408
005 20200929150207.0
008 090702s2005 000 spa d
020 _a849335046X
245 0 _aSyntagma.
260 _aSalamanca,
_c2005.
999 _c2244
_d2244
040 _aDO-SdBNP